000
00306nam a22001457a 4500
008
221010b ||||| |||| 00| 0 eng d
020
_a
9781465248282
041
_a
eng
080
_a
34
082
_a
34
100
_a
32.1
101
_a
JUR
245
_a
INDIVIDUAL TAXATION
_c
PACE B
942
_2
udc
_c
BK
999
_c
58451
_d
58451